Catálogo Biblioteca Central

Aspectos económicos de la crisis del Covid-19 (Registro nro. 217929)

Detalles MARC
000 -CABECERA
campo de control de longitud fija 01899nam a22003497i 4500
001 - NÚMERO DE CONTROL
campo de control 217929
003 - IDENTIFICADOR DEL NÚMERO DE CONTROL
campo de control ES-MaBCM
005 - FECHA Y HORA DE LA ÚLTIMA TRANSACCIÓN
campo de control 20250717135830.0
008 - CÓDIGOS DE INFORMACIÓN DE LONGITUD FIJA
campo de control de longitud fija 210505t2021 sp |||||s||||o00| 0 spa d
040 ## - FUENTE DE LA CATALOGACIÓN
Centro transcriptor ES-MaBCM
245 00 - MENCIÓN DE TÍTULO
Título Aspectos económicos de la crisis del Covid-19
Medio [Recurso electrónico]
Mención de responsabilidad etc. Florentino Felgueroso y Angel de la Fuente, coordinadores ; José E. Boscá ... [et al.]
260 ## - PUBLICACIÓN, DISTRIBUCIÓN, ETC. (PIE DE IMPRENTA)
Lugar de publicación distribución etc. Madrid
Nombre del editor distribuidor etc. : Fundación de Estudios de Economía Aplicada (FEDEA)
Fecha de publicación distribución etc. , 2021
300 ## - DESCRIPCIÓN FÍSICA
Extensión 73 p.
490 0# - MENCIÓN DE SERIE
Mención de serie Estudios sobre la economía española
Designación de volumen o secuencia 2021/09
490 0# - MENCIÓN DE SERIE
Mención de serie Boletín de seguimiento
Designación de volumen o secuencia 9
504 ## - NOTA DE BIBLIOGRAFÍA, ETC.
Nota de bibliografía etc. Contiene referencias bibliográficas
520 ## - SUMARIO, ETC.
Sumario etc. Este documento es parte de una serie de boletines de seguimiento de la crisis del Covid. En él se recopila una batería de indicadores de los efectos de la pandemia sobre la actividad económica y las cuentas públicas, se analizan y valoran las principales medidas económicas que se han tomado en relación con ella en las últimas semanas y se ofrece un análisis de algunos aspectos de la evolución reciente del mercado de trabajo. También se incluye una sección sobre la evolución de la pandemia y una tribuna invitada firmada por Judit Vall Castelló.
650 ## - PUNTO DE ACCESO ADICIONAL DE MATERIA--TÉRMINO DE MATERIA
Término de materia o nombre geográfico como elemento inicial Enfermedad por coronavirus
9 (RLIN) 129538
650 #7 - PUNTO DE ACCESO ADICIONAL DE MATERIA--TÉRMINO DE MATERIA
Término de materia o nombre geográfico como elemento inicial Epidemia
9 (RLIN) 58578
650 #7 - PUNTO DE ACCESO ADICIONAL DE MATERIA--TÉRMINO DE MATERIA
Término de materia o nombre geográfico como elemento inicial Enfermedad infecciosa
9 (RLIN) 58552
650 #7 - PUNTO DE ACCESO ADICIONAL DE MATERIA--TÉRMINO DE MATERIA
Término de materia o nombre geográfico como elemento inicial Condición económica
9 (RLIN) 57634
650 #7 - PUNTO DE ACCESO ADICIONAL DE MATERIA--TÉRMINO DE MATERIA
Término de materia o nombre geográfico como elemento inicial Aspecto social
9 (RLIN) 57636
650 #7 - PUNTO DE ACCESO ADICIONAL DE MATERIA--TÉRMINO DE MATERIA
Término de materia o nombre geográfico como elemento inicial Hacienda pública
9 (RLIN) 58860
650 #7 - PUNTO DE ACCESO ADICIONAL DE MATERIA--TÉRMINO DE MATERIA
Término de materia o nombre geográfico como elemento inicial Enfermedad mental
9 (RLIN) 58553
650 #7 - PUNTO DE ACCESO ADICIONAL DE MATERIA--TÉRMINO DE MATERIA
Término de materia o nombre geográfico como elemento inicial Mercado laboral
9 (RLIN) 59396
651 #4 - PUNTO DE ACCESO ADICIONAL DE MATERIA--NOMBRE GEOGRÁFICO
Nombre geográfico España
9 (RLIN) 115342
700 1# - PUNTO DE ACCESO ADICIONAL--NOMBRE DE PERSONA
9 (RLIN) 15061
Nombre de persona Felgueroso, Florentino
700 1# - PUNTO DE ACCESO ADICIONAL--NOMBRE DE PERSONA
Nombre de persona Fuente Moreno, Ángel de la
9 (RLIN) 16811
700 1# - PUNTO DE ACCESO ADICIONAL--NOMBRE DE PERSONA
9 (RLIN) 5984
Nombre de persona Bosca, José Emilio
856 ## - LOCALIZACIÓN Y ACCESO ELECTRÓNICOS
Identificador Uniforme del Recurso (URI) http://mpr.orex.es/cgi-bin/koha/opac-retrieve-file.pl?id=18f6f025afdc0a6b61a098c3ad144efe
Texto de enlace DESCARGAR DOCUMENTO
942 ## - ELEMENTOS DE PUNTO DE ACCESO ADICIONAL (KOHA)
Fuente del sistema de clasificación o colocación Universal Decimal Classification
Tipo de ítem Koha Recurso electrónico para descargar
Existencias
Estado de retiro Estado de pérdida Fuente del sistema de clasificación o colocación Estado dañado No para préstamo Localización permanente Ubicación/localización actual Ubicación en estantería Fecha de adquisición Fuente de adquisición Signatura topográfica completa Fecha visto por última vez Precio válido a partir de Tipo de ítem Koha
    Universal Decimal Classification     Biblioteca Central del Ministerio de la Presidencia Biblioteca Central del Ministerio de la Presidencia Recurso electrónico 05/05/2021 Donativo En línea 05/05/2021 05/05/2021 Recurso electrónico para descargar